[Event "8. Griesheimer Schachtage 2012"]
[Site "Griesheim"]
[Date "2012.05.18"]
[Round "1.1"]
[White "Geske, Julian"]
[Black "Wabra, Robert"]
[Result "1-0"]
[WhiteElo "2388"]
[BlackElo "1834"]
[PlyCount "145"]
[EventDate "2012.05.18"]

 1. e4 c5 2. Nf3 Nc6 3. d4 cxd4 4. Nxd4 e5 5. Nb5 a6 6.
Nd6+ Bxd6 7. Qxd6 Qe7 8. Qd1 d6 9. Nc3 Be6 10. Nd5 Qd8 11. g3 Nge7 12. Bg2 O-O
13. O-O Rc8 14. Kh1 Ng6 15. c3 Bxd5 16. Qxd5 Nge7 17. Qd3 Qc7 18. Be3 Rcd8 19.
Rad1 h6 20. Qc2 b5 21. Qe2 f5 22. exf5 Rxf5 23. f4 d5 24. fxe5 Qxe5 25. Rfe1
Rf6 26. Bb6 Qxe2 27. Rxe2 Rd7 28. Red2 Ne5 29. Bd4 N7c6 30. Bxe5 Nxe5 31. Rxd5
Rxd5 32. Bxd5+ Kf8 33. Kg1 Ng4 34. Bb3 Ke7 35. Re1+ Kd6 36. Re4 Ne5 37. Kg2 g5
38. Rd4+ Kc7 39. h3 Nc6 40. Re4 a5 41. Re6 Rxe6 42. Bxe6 Kd6 43. Bg8 Ne5 44. a3
a4 45. b3 axb3 46. Bxb3 Kc5 47. Kf2 Nc4 48. Ke2 Nxa3 49. Kd3 b4 50. cxb4+ Kxb4
51. Ba2 Nb5 52. Ke3 Nd6 53. Bb1 Kc5 54. Kf3 h5 55. Bg6 g4+ 56. hxg4 hxg4+ 57.
Kxg4 Kd5 58. Kg5 Ke5 59. g4 Ke6 60. Kh6 Nc4 61. g5 Ke7 62. Kg7 Ne5 63. Bh5 Ke6
64. Kh7 Kf5 65. Kh6 Ke6 66. Be8 Ke7 67. Bh5 Ke6 68. Bg6 Nf3 69. Bf5+ Kxf5 70.
g6 Kf6 71. g7 Kf7 72. Kh7 Ng5+ 73. Kh8 1-0

[Event "8. Griesheimer Schachtage 2012"]
[Site "Griesheim"]
[Date "2012.05.18"]
[Round "1.2"]
[White "Jung, Bernd"]
[Black "Grabarczyk, Bogdan"]
[Result "0-1"]
[WhiteElo "1825"]
[BlackElo "2380"]
[PlyCount "74"]
[EventDate "2012.05.18"]

1. e4 c5 2. Nf3 e6 3. b4 cxb4 4. d4 Nf6 5. Bd3 Nc6 6. a3 d5 7. e5 Ne4 8. O-O f5
9. exf6 Nxf6 10. Re1 Bd6 11. c3 bxc3 12. Nxc3 O-O 13. Ne5 a6 14. Ra2 Qc7 15.
Rae2 Bxe5 16. dxe5 Ng4 17. h3 Ngxe5 18. Bxh7+ Kxh7 19. Rxe5 Nxe5 20. Qh5+ Kg8
21. Rxe5 Qxc3 22. Bh6 Rf5 23. Qe8+ Kh7 24. Bxg7 Qc1+ 25. Kh2 Qf4+ 26. Kh1 Kxg7
27. Qe7+ Kg6 28. Qe8+ Kf6 29. Re3 Qc7 30. Qh8+ Ke7 31. Qg7+ Kd6 32. Qg3+ e5 33.
Rc3 Qf7 34. Qh4 d4 35. Qd8+ Bd7 36. Qb6+ Bc6 37. Qc5+ Kd7 0-1

[Event "8. Griesheimer Schachtage 2012"]
[Site "Griesheim"]
[Date "2012.05.18"]
[Round "1.3"]
[White "Walter, Stefan"]
[Black "Berkes, Alexander"]
[Result "1-0"]
[WhiteElo "2354"]
[BlackElo "1816"]
[PlyCount "63"]
[EventDate "2012.05.18"]

 1. d4 Nf6 2. c4 g6 3. Nc3 Bg7 4. e4 d6 5. f3 O-O 6. Be3
Nc6 7. Nge2 e5 8. d5 Ne7 9. Qd2 a5 10. O-O-O Nd7 11. g4 f5 12. Kb1 Nf6 13. h3
f4 14. Bf2 Bd7 15. c5 Ne8 16. Nc1 dxc5 17. Bxc5 Nd6 18. Ba3 Nec8 19. Nb3 Nb6
20. Qf2 Re8 21. Bxd6 cxd6 22. Rc1 a4 23. Nd2 Rc8 24. Bd3 Re7 25. Rc2 Na8 26.
Rhc1 Qb6 27. Nc4 Qxf2 28. Rxf2 Rd8 29. Nxd6 a3 30. Nxb7 axb2 31. Rxb2 Rb8 32.
d6 1-0

[Event "8. Griesheimer Schachtage 2012"]
[Site "Griesheim"]
[Date "2012.05.18"]
[Round "1.4"]
[White "Schellen, Sven"]
[Black "Zuyev, Igor"]
[Result "0-1"]
[WhiteElo "1795"]
[BlackElo "2348"]
[PlyCount "60"]
[EventDate "2012.05.18"]

1. d4 Nf6 2. c4 e6 3. Nf3 Bb4+ 4. Bd2 Qe7 5. a3 Bxd2+ 6. Nbxd2 d6 7. g3 e5 8.
dxe5 dxe5 9. e4 O-O 10. Bg2 Rd8 11. Qc2 Nc6 12. O-O h6 13. Rad1 a5 14. b3 Qc5
15. h3 Be6 16. Qb2 b6 17. Nb1 Nxe4 18. Rxd8+ Rxd8 19. Nxe5 Nxe5 20. Bxe4 Bxh3
21. Re1 Bf5 22. b4 Qe7 23. Qc3 Bxe4 24. Rxe4 f6 25. Kg2 c5 26. bxa5 Qb7 27. f3
Rd3 28. Qc2 Rxf3 29. a6 Qa8 30. Qe2 f5 0-1

[Event "8. Griesheimer Schachtage 2012"]
[Site "Griesheim"]
[Date "2012.05.18"]
[Round "1.5"]
[White "Schlapp, Thomas"]
[Black "Ruell, Michael"]
[Result "1-0"]
[WhiteElo "2285"]
[BlackElo "1784"]
[PlyCount "39"]
[EventDate "2012.05.18"]

1. d4 Nf6 2. c4 g6 3. Nc3 Bg7 4. e4 d6 5. Be2 O-O 6. Nf3
e5 7. O-O Nc6 8. d5 Nd4 9. Nxd4 exd4 10. Qxd4 Re8 11. Bg5 Nxe4 12. Qxe4 Bxc3
13. Bxd8 Rxe4 14. bxc3 Rxe2 15. Rfe1 Bg4 16. Bxc7 Rae8 17. Kf1 Bf5 18. Rxe2 Bd3
19. Rae1 Bxc4 20. Bxd6 1-0

[Event "8. Griesheimer Schachtage 2012"]
[Site "Griesheim"]
[Date "2012.05.18"]
[Round "1.6"]
[White "Lopez-Fuertes, Victor"]
[Black "Gramlich, Sebastian"]
[Result "0-1"]
[WhiteElo "1778"]
[BlackElo "2283"]
[PlyCount "80"]
[EventDate "2012.05.18"]

1. e4 d5 2. exd5 Nf6 3. d4 Bg4 4. Be2 Bxe2 5. Nxe2 Qxd5 6. Nf4 Qf5 7. Qd3 Qxd3
8. Nxd3 Nc6 9. c3 O-O-O 10. Nd2 e5 11. Nxe5 Nxe5 12. dxe5 Ng4 13. O-O Nxe5 14.
Ne4 Nd3 15. b4 Nxc1 16. Raxc1 Be7 17. Rcd1 f5 18. Ng3 g6 19. Ne2 Bf6 20. Rfe1
Rhe8 21. Kf1 b5 22. Nd4 Rxe1+ 23. Kxe1 Bxd4 24. Rxd4 Rxd4 25. cxd4 Kd7 26. f4
Ke6 27. Ke2 Kd5 28. Kd3 c6 29. a3 Ke6 30. Ke2 Kf6 31. Kd3 Ke7 32. Ke3 Kd7 33.
Kd2 Ke6 34. Ke2 h6 35. g3 Kf6 36. h4 g5 37. hxg5+ hxg5 38. Kf2 gxf4 39. gxf4
Ke6 40. Ke2 Kd5 0-1

[Event "8. Griesheimer Schachtage 2012"]
[Site "Griesheim"]
[Date "2012.05.18"]
[Round "1.7"]
[White "Junesch, Gerhard"]
[Black "Berkes, Joerg"]
[Result "1-0"]
[WhiteElo "2277"]
[BlackElo "1777"]
[PlyCount "81"]
[EventDate "2012.05.18"]

 1. Nf3 Nf6 2. c4 g6 3. Nc3 Bg7 4. e4 d6 5. d4 O-O 6. Be2
c6 7. O-O Qc7 8. h3 Nbd7 9. Be3 e5 10. d5 cxd5 11. cxd5 Ne8 12. Nd2 f5 13. f3
f4 14. Bf2 Bf6 15. Nb5 Qb8 16. a4 a6 17. Nc3 b6 18. Nc4 a5 19. Rb1 Ba6 20. Na3
Bxe2 21. Qxe2 Nc5 22. b4 axb4 23. Rxb4 Qd8 24. Nc4 Ra6 25. Rfb1 g5 26. Rxb6
Nxa4 27. Nxa4 Rxa4 28. Rb8 Qc7 29. Nd2 Ra2 30. Qd3 Ra1 31. R8b6 Rxb1+ 32. Qxb1
Rf7 33. Rc6 Qd7 34. Nc4 h5 35. Qb8 Rf8 36. Nxd6 Nxd6 37. Qxd6 Qg7 38. Rc7 Qg6
39. Qe6+ Kh8 40. Bc5 Ra8 41. Be7 1-0

[Event "8. Griesheimer Schachtage 2012"]
[Site "Griesheim"]
[Date "2012.05.18"]
[Round "1.8"]
[White "Pabel, Ralph"]
[Black "Leiter, Thomas"]
[Result "0-1"]
[WhiteElo "1776"]
[BlackElo "2172"]
[PlyCount "78"]
[EventDate "2012.05.18"]

 1. d4 d5 2. c4 c6 3. Nc3 Nf6 4. Nf3 a6 5. b3 b5 6. c5 g6
7. e3 Bg7 8. Be2 Bg4 9. Ne5 Bxe2 10. Nxe2 Nfd7 11. f4 f6 12. Nxd7 Qxd7 13. O-O
e6 14. Bb2 O-O 15. Qc2 f5 16. Nc1 Qe7 17. Nd3 Nd7 18. a4 Nf6 19. Ne5 Qb7 20.
Bc3 Ne4 21. Nf3 h6 22. Ra2 Rfb8 23. Ba5 bxa4 24. bxa4 Qb3 25. Re1 Qxc2 26. Rxc2
Rb3 27. Ra2 g5 28. Ne5 Bxe5 29. fxe5 Rab8 30. Bb6 Nc3 31. Raa1 Rb2 32. a5 Rf8
33. Ra3 Ne2+ 34. Kh1 f4 35. exf4 Rxf4 36. Rh3 Kg7 37. Bd8 Nxd4 38. Bf6+ Kg6 39.
Rhe3 Nc2 0-1

[Event "8. Griesheimer Schachtage 2012"]
[Site "Griesheim"]
[Date "2012.05.18"]
[Round "1.9"]
[White "Schork, Stephan"]
[Black "Dshurowa, Petra"]
[Result "1-0"]
[WhiteElo "2134"]
[BlackElo "1774"]
[PlyCount "61"]
[EventDate "2012.05.18"]

1. Nf3 c5 2. g3 g6 3. Bg2 Bg7 4. O-O Nc6 5. e4 e6 6. c3 Nge7 7. d4 cxd4 8. cxd4
d5 9. e5 Nf5 10. Nc3 O-O 11. a3 f6 12. g4 Nfxd4 13. Nxd4 Nxd4 14. Qxd4 fxe5 15.
Qd3 e4 16. Qg3 a6 17. Bf4 g5 18. Be5 Bxe5 19. Qxe5 Qf6 20. Qxf6 Rxf6 21. Rac1
Bd7 22. Rfd1 Bc6 23. Rd2 Raf8 24. b4 Rf4 25. h3 Rd8 26. Ne2 Rf6 27. Nd4 e5 28.
Nxc6 bxc6 29. Bxe4 Rdd6 30. Bf5 Kg7 31. Rc5 1-0

[Event "8. Griesheimer Schachtage 2012"]
[Site "Griesheim"]
[Date "2012.05.18"]
[Round "1.10"]
[White "Pham-Tran, Phoung-Bao"]
[Black "Loewe, Lennard"]
[Result "1/2-1/2"]
[WhiteElo "1771"]
[BlackElo "2119"]
[PlyCount "45"]
[EventDate "2012.05.18"]

1. c4 c5 2. g3 e6 3. Bg2 d5 4. Nf3 Nc6 5. O-O Nf6 6. b3 Be7 7. Bb2 O-O 8. e3 b6
9. cxd5 exd5 10. d4 Bg4 11. dxc5 bxc5 12. Nc3 Rc8 13. h3 Bf5 14. g4 Be6 15. Ne2
Ne4 16. Nf4 Qd6 17. Rc1 Rfd8 18. Qe2 Qb8 19. Rfd1 Nb4 20. Be5 Qb6 21. Nd3 Nc6
22. Ba1 Qa6 23. Nf4 1/2-1/2

[Event "8. Griesheimer Schachtage 2012"]
[Site "Griesheim"]
[Date "2012.05.18"]
[Round "1.11"]
[White "Rehfeldt, Frank"]
[Black "Kuenitz, Klaus"]
[Result "1-0"]
[WhiteElo "2106"]
[BlackElo "1710"]
[PlyCount "59"]
[EventDate "2012.05.18"]

 1. e4 e6 2. d4 d5 3. Nc3 dxe4 4. Nxe4 Nd7 5. Nf3 Ngf6 6.
Bg5 Be7 7. Ng3 h6 8. Bf4 g5 9. Bd2 c5 10. dxc5 Nxc5 11. Bc3 Qxd1+ 12. Rxd1 O-O
13. Be2 Nd5 14. Bd4 Nf4 15. O-O f6 16. Bc4 Kh7 17. b4 Nd7 18. a3 e5 19. Rfe1
Nb6 20. Bb3 Bg4 21. c4 Rfd8 22. c5 Nbd5 23. Be3 Nc3 24. Rc1 Ncd5 25. c6 bxc6
26. Rxc6 Rac8 27. Rec1 Rxc6 28. Rxc6 Rc8 29. Rxc8 Bxc8 30. Bxa7 1-0

[Event "8. Griesheimer Schachtage 2012"]
[Site "Griesheim"]
[Date "2012.05.18"]
[Round "1.12"]
[White "Muehlbach, Christian"]
[Black "Kopp, Peter"]
[Result "0-1"]
[WhiteElo "1709"]
[BlackElo "2089"]
[PlyCount "60"]
[EventDate "2012.05.18"]

1. e4 c6 2. d4 d5 3. Nc3 dxe4 4. Nxe4 Nd7 5. Nf3 Ngf6 6. Nxf6+ Nxf6 7. Bd3 Bg4
8. c3 e6 9. Bg5 Be7 10. O-O Qd5 11. Bxf6 Bxf3 12. Qxf3 Qxf3 13. gxf3 Bxf6 14.
Rfe1 O-O 15. Rad1 Rfd8 16. f4 g6 17. Re3 Rd5 18. Kg2 Rad8 19. Bc4 Rf5 20. Re4
c5 21. Kg3 Kg7 22. a4 cxd4 23. cxd4 e5 24. d5 exf4+ 25. Kf3 Be5 26. b4 Bd6 27.
Bb5 Rc8 28. Rd3 Rh5 29. Rd2 Rxh2 30. a5 a6 0-1

[Event "8. Griesheimer Schachtage 2012"]
[Site "Griesheim"]
[Date "2012.05.18"]
[Round "1.13"]
[White "Galkin, Wladislaw"]
[Black "Richter, Tony"]
[Result "1-0"]
[WhiteElo "2057"]
[BlackElo "1703"]
[PlyCount "73"]
[EventDate "2012.05.18"]

1. c4 c5 2. g3 Nc6 3. Bg2 Nf6 4. Nc3 e6 5. e3 d6 6. Nge2 Be7 7. a3 O-O 8. O-O
h6 9. Rb1 a5 10. d4 cxd4 11. exd4 Ne8 12. b4 axb4 13. axb4 Bf6 14. Be3 Ne7 15.
Ne4 d5 16. Nxf6+ Nxf6 17. c5 b6 18. b5 Ng6 19. Nf4 Nxf4 20. Bxf4 g5 21. Be5
bxc5 22. dxc5 Nd7 23. Bd6 Re8 24. Ra1 Rxa1 25. Qxa1 Nb6 26. Qa7 Nc4 27. Bc7 Re7
28. b6 Qd7 29. Qa8 Kh7 30. c6 Qe8 31. b7 Rxc7 32. b8=Q Rxc6 33. Qb1+ f5 34.
Qa7+ Bd7 35. Bxd5 Nd2 36. Qbb7 Rd6 37. Bc6 1-0

[Event "8. Griesheimer Schachtage 2012"]
[Site "Griesheim"]
[Date "2012.05.18"]
[Round "1.14"]
[White "Lindemann, Antje"]
[Black "Nies, Peter"]
[Result "0-1"]
[WhiteElo "1672"]
[BlackElo "2044"]
[PlyCount "118"]
[EventDate "2012.05.18"]

1. e4 e6 2. d4 d5 3. e5 c5 4. c3 Nc6 5. Nf3 Qb6 6. Be2 Nh6 7. Qb3 Qxb3 8. axb3
cxd4 9. cxd4 Nf5 10. Bb5 Bd7 11. Bxc6 bxc6 12. g4 Nh6 13. h3 c5 14. Be3 cxd4
15. Bxd4 a6 16. O-O Be7 17. Rc1 f6 18. exf6 Bxf6 19. Nc3 O-O 20. Na4 Bb5 21.
Bc5 Bxa4 22. Rxa4 Bxb2 23. Bxf8 Bxc1 24. Bc5 Nf7 25. b4 Ng5 26. Nxg5 Bxg5 27.
Bd6 Bd8 28. b5 a5 29. Be5 Bb6 30. Ra2 Rc8 31. Bd6 Kf7 32. Kg2 Rc4 33. f3 g6 34.
h4 Ke8 35. Rb2 Kd7 36. Be5 Rb4 37. Kf1 Rxb2 38. Bxb2 Kd6 39. Ba3+ Bc5 40. Bc1
d4 41. Ke2 Bb4 42. Kd3 Kc5 43. b6 Kxb6 44. Kxd4 Bd6 45. Kc4 a4 46. Be3+ Kc6 47.
Bc1 a3 48. Kb3 Kb5 49. Be3 h5 50. Bf2 Kc6 51. Bd4 Kd5 52. Ba1 Be5 53. Bxe5 Kxe5
54. Kxa3 Kf4 55. gxh5 gxh5 56. Kb3 Kxf3 57. Kc3 Ke3 58. Kc2 Ke2 59. Kc3 e5 0-1

[Event "8. Griesheimer Schachtage 2012"]
[Site "Griesheim"]
[Date "2012.05.18"]
[Round "1.15"]
[White "Tierling, Detlef"]
[Black "Hamar, Robert"]
[Result "1-0"]
[WhiteElo "2023"]
[BlackElo "1653"]
[PlyCount "55"]
[EventDate "2012.05.18"]

1. Nf3 d5 2. d4 Nf6 3. g3 g6 4. Bg2 Bg7 5. O-O O-O 6. c4 c6 7. b3 Nbd7 8. Bb2
Ne4 9. cxd5 cxd5 10. Nc3 Ndf6 11. Ne5 Nxc3 12. Bxc3 a6 13. Qd2 Ne4 14. Bxe4
dxe4 15. Qb2 f5 16. e3 g5 17. Rad1 Qe8 18. Qe2 h5 19. d5 h4 20. a4 hxg3 21.
fxg3 Bxe5 22. Bxe5 Qg6 23. d6 exd6 24. Rxd6 Be6 25. Rc1 Rac8 26. Qd2 Rxc1+ 27.
Qxc1 Rc8 28. Qxc8+ 1-0

[Event "8. Griesheimer Schachtage 2012"]
[Site "Griesheim"]
[Date "2012.05.18"]
[Round "1.16"]
[White "Puzzo, Peter"]
[Black "Schmitt, Carsten"]
[Result "0-1"]
[WhiteElo "1650"]
[BlackElo "1994"]
[PlyCount "34"]
[EventDate "2012.05.18"]

1. d4 d5 2. c4 e6 3. Nc3 c5 4. Nf3 Nc6 5. e3 Nf6 6. cxd5 exd5 7. Bb5 Bd6 8. O-O
O-O 9. dxc5 Bxc5 10. a3 Bg4 11. b4 Be7 12. Be2 Rc8 13. Bb2 Qd7 14. Qa4 Ne4 15.
Rfd1 Nxc3 16. Bxc3 Nd4 17. Qxd7 Nxe2+ 0-1

[Event "8. Griesheimer Schachtage 2012"]
[Site "Griesheim"]
[Date "2012.05.18"]
[Round "1.17"]
[White "Dankesreiter, Arne"]
[Black "Reuter, Klaus"]
[Result "1-0"]
[WhiteElo "1993"]
[BlackElo "1644"]
[PlyCount "43"]
[EventDate "2012.05.18"]

1. e4 c5 2. c3 g6 3. d4 e6 4. e5 cxd4 5. cxd4 Nc6 6. Nf3 Qa5+ 7. Nc3 Nh6 8. Bd2
Qd8 9. Ne4 Ng8 10. h4 Qb6 11. Bc3 Nb4 12. h5 Qc6 13. Nfd2 b6 14. hxg6 fxg6 15.
a3 Nd5 16. Rc1 Qb7 17. Nc4 Qb8 18. Ncd6+ Bxd6 19. Nxd6+ Ke7 20. Nxc8+ Kd8 21.
Bd2 Nge7 22. Nd6 1-0

[Event "8. Griesheimer Schachtage 2012"]
[Site "Griesheim"]
[Date "2012.05.18"]
[Round "1.18"]
[White "Winkler, Holger"]
[Black "Hoeck, Raimund"]
[Result "1/2-1/2"]
[WhiteElo "1631"]
[BlackElo "1986"]
[PlyCount "106"]
[EventDate "2012.05.18"]

 1. Nf3 d5 2. c4 c6 3. b3 Nf6 4. Bb2 Bg4 5. Ne5 Bf5 6. d3
Nbd7 7. g3 e6 8. Nxd7 Qxd7 9. Bg2 Be7 10. O-O O-O 11. Nd2 h6 12. Nf3 Rfd8 13.
Rc1 Qe8 14. cxd5 exd5 15. Qd2 a5 16. a3 Qf8 17. a4 Ne8 18. Bd4 Bd6 19. Bb6 Bc7
20. Bxc7 Nxc7 21. Qf4 Bxd3 22. exd3 Ne6 23. Qd2 Qa3 24. Qc3 Ra6 25. Bh3 Rb6 26.
Bxe6 Rxb3 27. Bxf7+ Kxf7 28. Qxa5 Rf8 29. Qc7+ Kg8 30. Ne5 Qb2 31. Qe7 Qd4 32.
Qe6+ Kh7 33. Qg6+ Kg8 34. Qe6+ Kh7 35. Qg6+ Kg8 36. Nf7 Rxf7 37. Rce1 Rf8 38.
Qe6+ Kh7 39. Qd6 Rf6 40. Qd7 Qxd3 41. Re7 Qg6 42. Rfe1 Rbf3 43. R1e2 Rf7 44.
Qxb7 Rxe7 45. Rxe7 Rf6 46. a5 Re6 47. a6 c5 48. Rxe6 Qxe6 49. a7 Qe1+ 50. Kg2
Qe4+ 51. Kh3 Qf5+ 52. Kg2 Qe4+ 53. Kh3 Qf5+ 1/2-1/2

[Event "8. Griesheimer Schachtage 2012"]
[Site "Griesheim"]
[Date "2012.05.18"]
[Round "1.19"]
[White "Gutacker, Stephan"]
[Black "Josic, Ivica"]
[Result "0-1"]
[WhiteElo "1956"]
[BlackElo "1616"]
[PlyCount "122"]
[EventDate "2012.05.18"]

1. e4 e5 2. Nf3 d6 3. d4 Bg4 4. Be2 Nc6 5. d5 Nce7 6. h3 Bd7 7. c4 h6 8. Nc3
Nf6 9. Be3 Ng6 10. Qd2 a6 11. O-O Qc8 12. Kh2 Be7 13. Ng1 c5 14. f4 exf4 15.
Bxf4 Nxf4 16. Qxf4 Qb8 17. Nf3 O-O 18. Bd3 b5 19. b3 Nh5 20. Qd2 g5 21. Ne2 Ng7
22. g4 b4 23. Ng3 Bf6 24. Rac1 Qe8 25. Bc2 a5 26. Qd3 Be5 27. Kg2 f6 28. Rce1
h5 29. Nf5 Nxf5 30. exf5 Qf7 31. Nxe5 dxe5 32. Bd1 h4 33. Bf3 Rac8 34. Rd1 Rfd8
35. Rd2 Bc6 36. Rfd1 Bb7 37. d6 Bxf3+ 38. Qxf3 Rd7 39. Qe3 a4 40. Rd5 Rc6 41.
Rxc5 Rcxd6 42. Rc8+ Kg7 43. Rxd6 Rxd6 44. Qc5 Qb7+ 45. Kf2 Qb6 46. Qxb6 Rxb6
47. Ke3 axb3 48. axb3 Kf7 49. Rc7+ Ke8 50. Ra7 Kd8 51. Ke4 Rd6 52. Rb7 Rd4+ 53.
Ke3 Rd1 54. Rxb4 Rh1 55. Rb7 Rxh3+ 56. Ke4 Rg3 57. Kd5 Rxg4 58. c5 Rd4+ 59. Ke6
h3 60. Kxf6 h2 61. Rh7 Rh4 0-1

[Event "8. Griesheimer Schachtage 2012"]
[Site "Griesheim"]
[Date "2012.05.18"]
[Round "1.20"]
[White "Jesze, Paul"]
[Black "Barisch, Florian"]
[Result "1/2-1/2"]
[WhiteElo "1615"]
[BlackElo "1956"]
[PlyCount "73"]
[EventDate "2012.05.18"]

1. d4 Nf6 2. e3 d5 3. Nf3 c6 4. c4 Bf5 5. Nc3 e6 6. h3 Nbd7 7. Nh4 Be4 8. Nxe4
dxe4 9. g3 Bd6 10. Be2 Qc7 11. Ng2 O-O 12. Bd2 Rfd8 13. c5 Be7 14. O-O Nd5 15.
f4 f5 16. a3 b6 17. b4 bxc5 18. bxc5 Rdb8 19. Qc2 a5 20. Rfb1 g5 21. Rxb8+ Rxb8
22. Rb1 h6 23. Rb2 Kg7 24. Qb1 Rxb2 25. Qxb2 Bf6 26. Qb3 Bd8 27. Ne1 gxf4 28.
gxf4 Kh7 29. Ba6 Nb8 30. Qb7 Nxa6 31. Qxa6 Kg6 32. Qa8 Kh5 33. Ng2 Kg6 34. Kf2
Kh5 35. Qa6 Kg6 36. Kg1 Kh7 37. Kh2 1/2-1/2

[Event "8. Griesheimer Schachtage 2012"]
[Site "Griesheim"]
[Date "2012.05.18"]
[Round "1.21"]
[White "Winand, Edgar"]
[Black "Rimpler, Rafael"]
[Result "1-0"]
[WhiteElo "1947"]
[BlackElo "1581"]
[PlyCount "57"]
[EventDate "2012.05.18"]

1. Nf3 Nf6 2. d4 g6 3. e3 Bg7 4. b3 d5 5. Bb2 O-O 6. Bd3 Nbd7 7. Nbd2 c5 8. O-O
cxd4 9. exd4 b6 10. Qe2 Re8 11. Ne5 Bb7 12. f4 e6 13. Rf2 Rc8 14. Raf1 Nb8 15.
g4 Qc7 16. h4 Ne4 17. Nxe4 dxe4 18. Bxe4 Bxe4 19. Qxe4 f5 20. gxf5 gxf5 21. Qf3
Bxe5 22. fxe5 Re7 23. Rg2+ Rg7 24. Rff2 Rd8 25. c4 Nc6 26. Rxg7+ Kxg7 27. d5
exd5 28. Qxf5 d4 29. Qf6+ 1-0

[Event "8. Griesheimer Schachtage 2012"]
[Site "Griesheim"]
[Date "2012.05.18"]
[Round "1.22"]
[White "Urbach, Jens"]
[Black "Hornung, Thomas"]
[Result "0-1"]
[WhiteElo "1565"]
[BlackElo "1945"]
[PlyCount "118"]
[EventDate "2012.05.18"]

1. e4 c5 2. c3 Nf6 3. d3 Nc6 4. Nf3 e6 5. Be2 Be7 6. O-O O-O 7. Be3 d6 8. Nbd2
Bd7 9. a4 a6 10. d4 Qc7 11. Bd3 Rfd8 12. dxc5 dxc5 13. Qc2 h6 14. Rfd1 e5 15.
Bc4 Na5 16. Ba2 c4 17. b3 cxb3 18. Bxb3 Ng4 19. Nf1 Nxe3 20. Nxe3 Nxb3 21. Qxb3
Be6 22. Nd5 Bxd5 23. Rxd5 Rxd5 24. Qxd5 Qxc3 25. Qxe5 Qxe5 26. Nxe5 Bf6 27. f4
Re8 28. Rb1 Bxe5 29. fxe5 Rxe5 30. Rxb7 Rxe4 31. Rb8+ Kh7 32. a5 Re5 33. Rb7 f6
34. Kf2 Kg6 35. Rb3 Rxa5 36. Rg3+ Kf7 37. Rb3 Ra2+ 38. Kf3 a5 39. Rb7+ Kg6 40.
h4 h5 41. Rb6 Ra3+ 42. Ke2 Rg3 43. Kf2 Rg4 44. g3 a4 45. Ra6 Kf7 46. Kf3 f5 47.
Kf2 g6 48. Kf3 Ke7 49. Ra7+ Kd6 50. Ra8 Kc5 51. Rb8 Kc4 52. Rc8+ Kb3 53. Rb8+
Rb4 54. Rxb4+ Kxb4 55. Kf4 a3 56. Kg5 a2 57. Kxg6 a1=Q 58. Kxf5 Qg7 59. Kf4
Qg4+ 0-1

[Event "8. Griesheimer Schachtage 2012"]
[Site "Griesheim"]
[Date "2012.05.18"]
[Round "1.23"]
[White "Linnemann, Niklas"]
[Black "Fuchs, Andreas"]
[Result "1-0"]
[WhiteElo "1933"]
[BlackElo "1558"]
[PlyCount "99"]
[EventDate "2012.05.18"]

 1. e4 c5 2. Nf3 Nc6 3. d4 cxd4 4. Nxd4 Nf6 5. Nc3 e5 6.
Ndb5 d6 7. Bg5 a6 8. Na3 b5 9. Bxf6 gxf6 10. Nd5 f5 11. exf5 Bxf5 12. c3 Bg7
13. Nc2 Bg6 14. a4 Rb8 15. axb5 axb5 16. Ra6 Qc8 17. Na3 Kf8 18. Rb6 Rxb6 19.
Nxb6 Qd8 20. Bxb5 Na7 21. Nd7+ Ke7 22. Ba4 Qc7 23. Qf3 Rd8 24. O-O Rxd7 25.
Bxd7 Kxd7 26. h4 h5 27. g4 e4 28. Qe2 d5 29. gxh5 Bf5 30. Rd1 Be6 31. c4 d4 32.
Qxe4 Qc6 33. Qh7 Be5 34. Qd3 Qc7 35. b3 Nc6 36. Nc2 Bg4 37. Re1 f6 38. Qh7+ Ne7
39. h6 Bf3 40. Qd3 Bh5 41. h7 Bg6 42. Qh3+ f5 43. Nxd4 Bxh7 44. Qe3 Ng6 45. h5
f4 46. Qh3+ Ke8 47. hxg6 Bxg6 48. Qe6+ Kf8 49. Qxg6 f3 50. Ne6+ 1-0

[Event "8. Griesheimer Schachtage 2012"]
[Site "Griesheim"]
[Date "2012.05.18"]
[Round "1.24"]
[White "Bejan, Viorel"]
[Black "Mager, Thomas"]
[Result "0-1"]
[WhiteElo "1555"]
[BlackElo "1922"]
[PlyCount "116"]
[EventDate "2012.05.18"]

1. e4 e6 2. Nc3 d5 3. exd5 exd5 4. Bb5+ c6 5. Be2 Bd6 6. d4 Nf6 7. h3 Bf5 8.
Bg5 Nbd7 9. Bg4 Bxg4 10. hxg4 Qe7+ 11. Nge2 O-O-O 12. Rh3 Qe6 13. f3 Rde8 14.
Qd3 h6 15. Bd2 Nh7 16. O-O-O Nb6 17. b3 Kb8 18. Nf4 Bxf4 19. Bxf4+ Ka8 20. Rhh1
Nd7 21. Rde1 Qg6 22. Qxg6 fxg6 23. Kd2 b6 24. Re2 Rxe2+ 25. Nxe2 Re8 26. Re1
Kb7 27. Bg3 Kc8 28. Nf4 Rxe1 29. Kxe1 Ndf8 30. Nd3 Ne6 31. c3 Nhf8 32. Bd6 Kd7
33. Bb8 a6 34. Ne5+ Kc8 35. Bd6 Kb7 36. Kd2 g5 37. g3 Nh7 38. Nd7 a5 39. Ke3 b5
40. Nc5+ Nxc5 41. Bxc5 Kc7 42. a4 g6 43. b4 axb4 44. a5 b3 45. Kd2 h5 46. a6 h4
47. gxh4 gxh4 48. Bd6+ Kb6 49. f4 h3 50. f5 gxf5 51. gxf5 Kxa6 52. Bc7 Nf6 53.
Kc1 Kb7 54. Bf4 Kc8 55. Kb2 Ng4 56. Kxb3 h2 57. Bxh2 Nxh2 58. Kb4 Ng4 0-1

[Event "8. Griesheimer Schachtage 2012"]
[Site "Griesheim"]
[Date "2012.05.18"]
[Round "1.25"]
[White "Freund, Karlheinz"]
[Black "Grote, Steffi"]
[Result "1-0"]
[WhiteElo "1921"]
[BlackElo "1551"]
[PlyCount "85"]
[EventDate "2012.05.18"]

1. d4 d5 2. Nc3 Nf6 3. Bg5 Nbd7 4. f3 b6 5. e4 dxe4 6. fxe4 Bb7 7. Bd3 e5 8. d5
Be7 9. Be3 O-O 10. Qf3 Rc8 11. Nge2 c6 12. O-O-O cxd5 13. exd5 Nc5 14. Bf5 Ncd7
15. Qh3 Bc5 16. Bg5 h6 17. Bxf6 Nxf6 18. Bxc8 Bxc8 19. Qg3 Re8 20. h3 Ba6 21.
Rhe1 Bxe2 22. Nxe2 Nxd5 23. Nc3 Bd4 24. Rxd4 exd4 25. Rxe8+ Qxe8 26. Nxd5 Qe4
27. Nf4 Kh7 28. Qd3 Qxd3 29. cxd3 g5 30. Ne2 Kg6 31. Nxd4 f5 32. Kd2 Kf6 33.
Ke3 Ke5 34. Nc6+ Kd5 35. Nxa7 f4+ 36. Ke2 Kd4 37. Nc6+ Kd5 38. Nb4+ Kd4 39.
Nc2+ Kd5 40. Kf3 h5 41. h4 gxh4 42. Kxf4 Ke6 43. Kg5 1-0

[Event "8. Griesheimer Schachtage 2012"]
[Site "Griesheim"]
[Date "2012.05.18"]
[Round "1.26"]
[White "Hamar, Dirk"]
[Black "Schmitt, Roland"]
[Result "0-1"]
[WhiteElo "1541"]
[BlackElo "1916"]
[PlyCount "28"]
[EventDate "2012.05.18"]

1. c4 Nf6 2. Nc3 d5 3. cxd5 Nxd5 4. d4 g6 5. Nf3 Bg7 6. e3 O-O 7. Bc4 Nb6 8.
Bd3 Nc6 9. Bd2 e5 10. Be4 exd4 11. Bxc6 dxc3 12. Be4 cxd2+ 13. Nxd2 Bxb2 14.
Rb1 Bc3 0-1

[Event "8. Griesheimer Schachtage 2012"]
[Site "Griesheim"]
[Date "2012.05.18"]
[Round "1.27"]
[White "Marco, Rolf"]
[Black "Breining, Anton"]
[Result "1-0"]
[WhiteElo "1898"]
[BlackElo "1487"]
[PlyCount "59"]
[EventDate "2012.05.18"]

1. d4 d5 2. c4 e6 3. Nc3 Nf6 4. Nf3 Be7 5. Qc2 c6 6. e4 dxe4 7. Nxe4 Nbd7 8.
Bd3 h6 9. O-O O-O 10. Bf4 Nxe4 11. Bxe4 Nf6 12. Rad1 Nxe4 13. Qxe4 f5 14. Qd3
Bf6 15. Be5 Qe7 16. c5 Bd7 17. Bd6 Qf7 18. Bxf8 Rxf8 19. Ne5 Bxe5 20. dxe5 Rd8
21. Qb3 Qe7 22. Qxb7 Qe8 23. Rd6 Bc8 24. Qxc6 Qxc6 25. Rxc6 Bb7 26. Rxe6 Rd5
27. c6 Kf7 28. cxb7 Rb5 29. Rc6 Rxb7 30. b3 1-0